| 000 | 00879cam a22002894a 4500 | ||
|---|---|---|---|
| 008 | |||
| 020 | _a9780230249707 (hbk.) | ||
| 049 | _aMAIN | ||
| 090 |
_aHD82 _bOVE |
||
| 245 | 0 | 0 |
_aOvercoming the persistence of inequality and poverty / _c[edited by] Valpy FitzGerald, Judith Heyer[and] Rosemary Thorp. |
| 260 |
_aHoundmills : _bPalgrave, _c2011. |
||
| 300 |
_axxi, 301 p. : _bill. ; _c23 cm. |
||
| 504 | _aIncludes bibliographical references. | ||
| 500 | _alncludes index. | ||
| 650 | 0 | _aEconomic development. | |
| 650 | 0 | _aIncome distribution. | |
| 650 | 0 | _aPoverty. | |
| 650 | 0 | _aEquality. | |
| 700 | 1 | _aFitzgerald, Valpy. | |
| 700 | 1 | _aHeyer, Judith. | |
| 700 | 1 | _aThorp, Rosemary. | |
| 907 |
_a.b10332960 _b14-06-13 _c12-06-13 |
||
| 003 | |||
| 005 | 20230123122017.0 | ||
| 040 | _cNUST | ||
| 942 |
_cBOOKS _kHD82 _mOVE |
||
| 999 |
_c126267 _d126267 |
||